<?xml version="1.0" encoding="UTF-8"?>
<record
    xmlns:xsi="http://www.w3.org/2001/XMLSchema-instance"
    xsi:schemaLocation="http://www.loc.gov/MARC21/slim http://www.loc.gov/standards/marcxml/schema/MARC21slim.xsd"
    xmlns="http://www.loc.gov/MARC21/slim">

  <leader>03712cam a22003975i 4500</leader>
  <datafield tag="999" ind1=" " ind2=" ">
    <subfield code="c">27891</subfield>
    <subfield code="d">27862</subfield>
  </datafield>
  <controlfield tag="001">007043152</controlfield>
  <controlfield tag="003">EG-ScBUE</controlfield>
  <controlfield tag="005">20191127113757.0</controlfield>
  <controlfield tag="008">030723s2003    enka   f b    101 0 eng d</controlfield>
  <datafield tag="020" ind1=" " ind2=" ">
    <subfield code="a">9780714655123</subfield>
  </datafield>
  <datafield tag="040" ind1=" " ind2=" ">
    <subfield code="a">StDuBDS</subfield>
    <subfield code="b">eng</subfield>
    <subfield code="e">rda</subfield>
    <subfield code="c">Uk</subfield>
    <subfield code="d">Uk</subfield>
    <subfield code="d">EG-ScBUE</subfield>
  </datafield>
  <datafield tag="043" ind1=" " ind2=" ">
    <subfield code="a">e------</subfield>
    <subfield code="a">mm-----</subfield>
  </datafield>
  <datafield tag="082" ind1="0" ind2="4">
    <subfield code="a">327.401822</subfield>
    <subfield code="b">EUR</subfield>
    <subfield code="2">22</subfield>
  </datafield>
  <datafield tag="245" ind1="0" ind2="0">
    <subfield code="a">Euro-Mediterranean relations after September 11 :</subfield>
    <subfield code="b">international, regional, and domestic dynamics /</subfield>
    <subfield code="c">editor, Annette J&#xFC;nemann.</subfield>
  </datafield>
  <datafield tag="264" ind1=" " ind2="1">
    <subfield code="a">London ;</subfield>
    <subfield code="a">New York :</subfield>
    <subfield code="b">Routledge &amp; Taylor &amp; Francis Group,</subfield>
    <subfield code="c">2003.</subfield>
  </datafield>
  <datafield tag="300" ind1=" " ind2=" ">
    <subfield code="a">245 pages ;</subfield>
    <subfield code="c">23 cm</subfield>
  </datafield>
  <datafield tag="336" ind1=" " ind2=" ">
    <subfield code="a">text</subfield>
    <subfield code="b">txt</subfield>
    <subfield code="2">rdacontent</subfield>
  </datafield>
  <datafield tag="337" ind1=" " ind2=" ">
    <subfield code="a">unmediated</subfield>
    <subfield code="b">n</subfield>
    <subfield code="2">rdamedia</subfield>
  </datafield>
  <datafield tag="338" ind1=" " ind2=" ">
    <subfield code="a">volume</subfield>
    <subfield code="b">nc</subfield>
    <subfield code="2">rdacarrier</subfield>
  </datafield>
  <datafield tag="500" ind1=" " ind2=" ">
    <subfield code="a">"This group of studies first appeared in a special issue of Mediterranean politics (ISSN 1362-9395), Vol. 8, Nos. 2-3 (Summer-Autumn 2003) [Euro-Mediterranean relations after September 11: international, regional and domestic dynamics]"--T.p. verso.</subfield>
  </datafield>
  <datafield tag="500" ind1=" " ind2=" ">
    <subfield code="a">"This collection emerged from an international conference on 'The Mediterranean in the new evolving international order: domestic, regional and international interests', which was held on the occasion of the 'First World Congress for Middle Eastern Studies'..."--Acknowledgments.</subfield>
  </datafield>
  <datafield tag="505" ind1="0" ind2=" ">
    <subfield code="a">Security building in the Mediterranean after September 11 / Annette J&#xFC;nemann -- Reshaping the agenda?: the internal politics of the Barcelona Process in the aftermath of September 11 / Richard Gillespie -- Repercussions of the emerging European security and defence policy on the civil character of the Euro-Mediterranean partnership / Annette J&#xFC;nemann -- Gender and security in the Mediterranean / Cilja Harders -- The EMP and Morocco: diverging political agendas? / Said Haddadi -- Spanish foreign policy and the promotion of democracy and human rights: the case of morocco since the enthronement of Mohamed VI / Laura Feliu -- The external dimension of sub-national governments: dealing with human rights at the Barcelona and Valencia Euromed Civil Fora / Eduard Soler I. Lecha -- Loss of guiding values and support: September 11 and the isolation of human rights organizations in Egypt / Angela Grnert -- Democratization without democracy? The assistance of the European Union for democratization processes in Palestine / Stephan Stetter -- The EU and the Middle East Conflict: tackling the main obstacle to Euro-Mediterranean partnership / Muriel Asseburg -- Arab regional integration as a prerequisite for a successful Euro-Mediterranean partnership / Bchir Chourou -- Israeli policy perspectives on the Euro-Mediterranean Partnership in the context of EU enlargement / Alfred Tovias.</subfield>
  </datafield>
  <datafield tag="520" ind1=" " ind2=" ">
    <subfield code="a">A comprehensive study of the nexus between democratization and security in the Mediterranean, which are seen as essentially complementary yet threatened by political trends witnessed since the September 2001 attacks.
</subfield>
  </datafield>
  <datafield tag="610" ind1="2" ind2="7">
    <subfield code="a">Euro-Mediterranean Partnership</subfield>
    <subfield code="v">Congresses.</subfield>
    <subfield code="2">BUEsh</subfield>
  </datafield>
  <datafield tag="610" ind1="2" ind2="7">
    <subfield code="a">European Union</subfield>
    <subfield code="v">Congresses.</subfield>
    <subfield code="2">BUEsh</subfield>
  </datafield>
  <datafield tag="650" ind1=" " ind2="7">
    <subfield code="a">September 11 Terrorist Attacks, 2001</subfield>
    <subfield code="v">Congresses.</subfield>
    <subfield code="2">BUEsh</subfield>
  </datafield>
  <datafield tag="651" ind1=" " ind2="7">
    <subfield code="a">Europe</subfield>
    <subfield code="x">Foreign relations</subfield>
    <subfield code="z">Mediterranean Region.</subfield>
    <subfield code="2">BUEsh</subfield>
  </datafield>
  <datafield tag="651" ind1=" " ind2="7">
    <subfield code="a">Mediterranean Region</subfield>
    <subfield code="x">Foreign relations</subfield>
    <subfield code="z">Europe</subfield>
    <subfield code="v">Congresses.</subfield>
    <subfield code="2">BUEsh</subfield>
  </datafield>
  <datafield tag="651" ind1=" " ind2="7">
    <subfield code="a">European Union countries</subfield>
    <subfield code="x">Foreign relations</subfield>
    <subfield code="z">Mediterranean Region</subfield>
    <subfield code="z">Congresses.</subfield>
    <subfield code="2">BUEsh</subfield>
  </datafield>
  <datafield tag="651" ind1=" " ind2="7">
    <subfield code="a">Mediterranean Region</subfield>
    <subfield code="x">Foreign relations</subfield>
    <subfield code="z">European Union countries</subfield>
    <subfield code="v">Congresses.</subfield>
    <subfield code="2">BUEsh</subfield>
  </datafield>
  <datafield tag="653" ind1=" " ind2=" ">
    <subfield code="b">BUSBOL</subfield>
    <subfield code="b">MASPPSS</subfield>
    <subfield code="c">November2019</subfield>
  </datafield>
  <datafield tag="655" ind1=" " ind2=" ">
    <subfield code="v">Reading book</subfield>
  </datafield>
  <datafield tag="700" ind1="1" ind2=" ">
    <subfield code="a">J&#xFC;nemann, Annette,</subfield>
    <subfield code="d">1959-</subfield>
    <subfield code="e">editor.</subfield>
  </datafield>
  <datafield tag="711" ind1="2" ind2=" ">
    <subfield code="a">World Congress for Middle Eastern Studies</subfield>
    <subfield code="n">(1st :</subfield>
    <subfield code="d">2002 :</subfield>
    <subfield code="c">University of Mainz)</subfield>
  </datafield>
  <datafield tag="942" ind1=" " ind2=" ">
    <subfield code="2">ddc</subfield>
    <subfield code="c">BB</subfield>
  </datafield>
  <datafield tag="952" ind1=" " ind2=" ">
    <subfield code="0">0</subfield>
    <subfield code="1">0</subfield>
    <subfield code="2">ddc</subfield>
    <subfield code="4">0</subfield>
    <subfield code="7">0</subfield>
    <subfield code="8">Baccah</subfield>
    <subfield code="a">MAIN</subfield>
    <subfield code="b">MAIN</subfield>
    <subfield code="c">1ST</subfield>
    <subfield code="d">2019-11-27</subfield>
    <subfield code="e">Purchase</subfield>
    <subfield code="g">1890.00</subfield>
    <subfield code="l">0</subfield>
    <subfield code="o">327.401822 EUR</subfield>
    <subfield code="p">000048440</subfield>
    <subfield code="r">2025-07-15 00:00:00</subfield>
    <subfield code="v">2362.50</subfield>
    <subfield code="w">2019-11-27</subfield>
    <subfield code="y">BB</subfield>
  </datafield>
</record>
